| 000 | 00909nam a22002897a 4500 | ||
|---|---|---|---|
| 001 | BR7900616 | ||
| 003 | BR-BrBNA | ||
| 005 | 20230928085916.0 | ||
| 007 | ta | ||
| 008 | 230509b bl.||||| |||| 00| 0 por d | ||
| 040 |
_aBR-BrBNA _bpor _cBiblioteca Nacional de Agricultura |
||
| 041 | _a(Por) | ||
| 072 |
_aF00 _b1116 _b/G514 |
||
| 090 | _ 1116 BR7900616 | ||
| 100 | 1 | _aPassos, L.P. | |
| 110 | 1 |
_aUniversidade Federal de Vicosa, MG (Brasil) _0Tese (Magister Scientiae) |
|
| 245 | 1 | _aCompeticao entre dez variedades de goiaba (Psidium guajava L.)em Visconde de Rio Branco, Minas Gerais [Rendimento; Brasil] | |
| 260 | 3 |
_aVicosa, MG (Brasil): _c1978. |
|
| 300 | _a63 p. | ||
| 500 | _a12 tables; 6 graphs; 41 ref.; Summary (Por) | ||
| 650 | _aGoiaba | ||
| 650 | _aCompeticao de variedade | ||
| 650 | _aRendimento | ||
| 650 | _aMinas Gerais | ||
| 909 |
_a202309 _bLucia _c55 _dLucia Elande |
||
| 942 | _cBK | ||
| 999 |
_c26964 _d26964 |
||